<?xml version="1.0" encoding="UTF-8"?>
<record
    xmlns:xsi="http://www.w3.org/2001/XMLSchema-instance"
    xsi:schemaLocation="http://www.loc.gov/MARC21/slim http://www.loc.gov/standards/marcxml/schema/MARC21slim.xsd"
    xmlns="http://www.loc.gov/MARC21/slim">

  <leader>01075nam a2200229Ia 4500</leader>
  <datafield tag="952" ind1=" " ind2=" ">
    <subfield code="0">0</subfield>
    <subfield code="1">0</subfield>
    <subfield code="2">lcc</subfield>
    <subfield code="4">0</subfield>
    <subfield code="7">0</subfield>
    <subfield code="a">04</subfield>
    <subfield code="b">04</subfield>
    <subfield code="d">2008-11-20</subfield>
    <subfield code="l">3</subfield>
    <subfield code="o">HM24 D87 </subfield>
    <subfield code="p">04 002435</subfield>
    <subfield code="r">2014-06-30</subfield>
    <subfield code="s">2014-06-30</subfield>
    <subfield code="t">1</subfield>
    <subfield code="w">2012-06-24</subfield>
    <subfield code="y">LB</subfield>
  </datafield>
  <datafield tag="952" ind1=" " ind2=" ">
    <subfield code="0">0</subfield>
    <subfield code="1">0</subfield>
    <subfield code="2">lcc</subfield>
    <subfield code="4">0</subfield>
    <subfield code="7">0</subfield>
    <subfield code="a">04</subfield>
    <subfield code="b">04</subfield>
    <subfield code="d">2008-11-20</subfield>
    <subfield code="l">1</subfield>
    <subfield code="o">HM24 D87 </subfield>
    <subfield code="p">04 002436</subfield>
    <subfield code="r">2016-07-26</subfield>
    <subfield code="s">2016-07-20</subfield>
    <subfield code="t">2</subfield>
    <subfield code="w">2012-06-24</subfield>
    <subfield code="y">LB</subfield>
  </datafield>
  <datafield tag="952" ind1=" " ind2=" ">
    <subfield code="0">0</subfield>
    <subfield code="1">0</subfield>
    <subfield code="2">lcc</subfield>
    <subfield code="4">0</subfield>
    <subfield code="7">0</subfield>
    <subfield code="a">04</subfield>
    <subfield code="b">04</subfield>
    <subfield code="d">2008-11-20</subfield>
    <subfield code="l">2</subfield>
    <subfield code="m">1</subfield>
    <subfield code="o">HM24 D87 </subfield>
    <subfield code="p">04 002437</subfield>
    <subfield code="r">2019-12-14</subfield>
    <subfield code="s">2019-12-14</subfield>
    <subfield code="t">3</subfield>
    <subfield code="w">2012-06-24</subfield>
    <subfield code="y">LB</subfield>
  </datafield>
  <datafield tag="952" ind1=" " ind2=" ">
    <subfield code="0">0</subfield>
    <subfield code="1">0</subfield>
    <subfield code="2">lcc</subfield>
    <subfield code="4">0</subfield>
    <subfield code="7">0</subfield>
    <subfield code="a">04</subfield>
    <subfield code="b">04</subfield>
    <subfield code="d">2008-11-20</subfield>
    <subfield code="l">0</subfield>
    <subfield code="o">HM24 D87</subfield>
    <subfield code="p">04 002438</subfield>
    <subfield code="r">2013-05-22</subfield>
    <subfield code="t">4</subfield>
    <subfield code="w">2012-06-24</subfield>
    <subfield code="y">LB</subfield>
  </datafield>
  <datafield tag="952" ind1=" " ind2=" ">
    <subfield code="0">0</subfield>
    <subfield code="1">0</subfield>
    <subfield code="2">lcc</subfield>
    <subfield code="4">0</subfield>
    <subfield code="7">0</subfield>
    <subfield code="a">04</subfield>
    <subfield code="b">04</subfield>
    <subfield code="d">2008-11-20</subfield>
    <subfield code="l">0</subfield>
    <subfield code="o">HM24 D87</subfield>
    <subfield code="p">04 002439</subfield>
    <subfield code="r">2025-09-22</subfield>
    <subfield code="t">5</subfield>
    <subfield code="w">2012-06-24</subfield>
    <subfield code="y">LB</subfield>
  </datafield>
  <datafield tag="999" ind1=" " ind2=" ">
    <subfield code="c">62462</subfield>
    <subfield code="d">62462</subfield>
  </datafield>
  <controlfield tag="008">120625s2006    mx            001 0 spa d</controlfield>
  <datafield tag="020" ind1=" " ind2=" ">
    <subfield code="a">9688670707</subfield>
  </datafield>
  <datafield tag="050" ind1=" " ind2="4">
    <subfield code="a">HM24 </subfield>
    <subfield code="b">D87</subfield>
  </datafield>
  <datafield tag="100" ind1="1" ind2=" ">
    <subfield code="a">Durkheim, &#xC9;mile</subfield>
    <subfield code="e"> , autor</subfield>
  </datafield>
  <datafield tag="245" ind1="1" ind2="4">
    <subfield code="a">Las reglas del m&#xE9;todo sociol&#xF3;gico </subfield>
    <subfield code="c"> / &#xC9;mile Durkheim </subfield>
  </datafield>
  <datafield tag="250" ind1=" " ind2=" ">
    <subfield code="a">1a. edici&#xF3;n </subfield>
  </datafield>
  <datafield tag="260" ind1=" " ind2=" ">
    <subfield code="a">M&#xE9;xico</subfield>
    <subfield code="b"> : Colof&#xF3;n </subfield>
    <subfield code="c"> , 2006</subfield>
  </datafield>
  <datafield tag="300" ind1=" " ind2=" ">
    <subfield code="a">135 p&#xE1;ginas </subfield>
    <subfield code="c"> ; 21 cm. </subfield>
  </datafield>
  <datafield tag="505" ind1="0" ind2=" ">
    <subfield code="a">&#xBF;Qu&#xE9; es un hecho social? 
Reglas relativas a la observaci&#xF3;n de los hechos sociales 
Reglas relativas a la distinci&#xF3;n de lo normal y lo patol&#xF3;gico 
Reglas relativas a la constituci&#xF3;n de los tipos sociales 
Reglas relativas a la explicaci&#xF3;n de los hechos sociales 
Reglas relativas a la administraci&#xF3;n de la prueba </subfield>
  </datafield>
  <datafield tag="519" ind1=" " ind2=" ">
    <subfield code="a">Material Complementario / </subfield>
    <subfield code="d">(04 002435)</subfield>
  </datafield>
  <datafield tag="519" ind1=" " ind2=" ">
    <subfield code="a">Material Complementario / </subfield>
    <subfield code="d">(04 002436)</subfield>
  </datafield>
  <datafield tag="519" ind1=" " ind2=" ">
    <subfield code="a">Material Complementario / </subfield>
    <subfield code="d">(04 002437)</subfield>
  </datafield>
  <datafield tag="519" ind1=" " ind2=" ">
    <subfield code="a">Material Complementario / </subfield>
    <subfield code="d">(04 002438) </subfield>
  </datafield>
  <datafield tag="519" ind1=" " ind2=" ">
    <subfield code="a">Material Complementario / </subfield>
    <subfield code="d">(04 002439) </subfield>
  </datafield>
  <datafield tag="650" ind1=" " ind2="4">
    <subfield code="a">SOCIOLOG&#xCD;A</subfield>
    <subfield code="x">M&#xC9;TODO </subfield>
  </datafield>
  <datafield tag="942" ind1=" " ind2=" ">
    <subfield code="c">LB</subfield>
  </datafield>
</record>
